| 000 | 00750nam a2200217Ia 4500 | ||
|---|---|---|---|
| 005 | 20150313162238.0 | ||
| 010 | _aBAC-EN21 ENG-111706 | ||
| 020 |
_a9789332536968 _c699.00 |
||
| 035 | _aEN-95238 | ||
| 035 | _aB-591172-200 | ||
| 037 |
_bTechniz/Ven _adpl |
||
| 037 | _bDBAD/PUB | ||
| 082 | _a540 | ||
| 100 | _aSinghal, Atul | ||
| 245 |
_aObjective chemistry for the JEE Main 2015 / _cby Atul Singhal |
||
| 260 |
_c2014 _aNoida _bPearson |
||
| 270 |
_a7th Floor, Knowledge Bopulevard, A-8(A), Sector-62 _bNoida _e201309 |
||
| 300 |
_c24cm(pbk) _avarious pagings : _bill. |
||
| 942 |
_cEN _2ddc _mSIN _h540 |
||
| 999 |
_c88211 _d88211 |
||